[Event "South African op"]
[Site "Durban"]
[Date "2017.07.16"]
[Round "4"]
[White "Moodley, Yudhisthira"]
[Black "Magangwe, Ephraim"]
[Result "1-0"]
[WhiteElo "1543"]
[BlackElo "1416"]
[PlyCount "111"]
[EventDate "2017.07.14"]
[EventType "swiss"]
[EventRounds "11"]
[EventCountry "RSA"]
[SourceTitle "EXT 2018"]
[Source "ChessBase"]
[SourceDate "2017.10.13"]
[SourceVersion "1"]
[SourceVersionDate "2017.10.13"]
[SourceQuality "1"]

1. c4 e6 2. Nc3 c6 3. Nf3 f5 4. d4 Nf6 5. g3 d5 6. b3 Nbd7 7. Bg2 Ne4 8. Nxe4 fxe4 9. Ng5 Nf6 10. 0-0 Bd6 11. f3 0-0 12. fxe4 h6 13. e5 hxg5 14. exd6 Nh7 15. c5 b6 16. b4 Ba6 17. Rxf8+ Qxf8 18. e4 bxc5 19. dxc5 Qf6 20. Rb1 Bc4 21. Bb2 Qg6 22. exd5 exd5 23. Ra1 Nf8 24. a3 Re8 25. Bf1 Qe4 26. Bxc4 Qe3+ 27. Kg2 Qe4+ 28. Qf3 Qc2+ 29. Qf2 Qe4+ 30. Kg1 dxc4 31. Rf1 Qe2 32. Bd4 Qxf2+ 33. Rxf2 Re4 34. Rd2 Nd7 35. Kf2 a6 36. Kf3 Re1 37. Re2 Rf1+ 38. Kg4 Kf7 39. Re7+ Kg6 40. Rxg7+ Kh6 41. Rxd7 Rd1 42. Bf6 Rd3 43. Bxg5+ Kg6 44. Rc7 c3 45. h4 Rd4+ 46. Kf3 c2 47. Rxc6 Kf5 48. Rc7 Ke6 49. Re7+ Kd5 50. Re2 Rd3+ 51. Kf2 Kc6 52. Rxc2 Rxa3 53. h5 Rb3 54. Bd2 Rb1 55. Kg2 Rd1 56. h6 1-0

[Event "South African op"]
[Site "Durban"]
[Date "2017.07.15"]
[Round "2"]
[White "Moodley, Yudhisthira"]
[Black "Botao, Milton"]
[Result "0-1"]
[WhiteElo "1543"]
[BlackElo "1963"]
[PlyCount "88"]
[EventDate "2017.07.14"]
[EventType "swiss"]
[EventRounds "11"]
[EventCountry "RSA"]
[SourceTitle "EXT 2018"]
[Source "ChessBase"]
[SourceDate "2017.10.13"]
[SourceVersion "1"]
[SourceVersionDate "2017.10.13"]
[SourceQuality "1"]

1. c4 Nf6 2. g3 g6 3. Bg2 Bg7 4. Nc3 0-0 5. e4 d6 6. Nge2 c5 7. 0-0 Nc6 8. d3 a6 9. h3 Bd7 10. Be3 Rb8 11. a4 Nb4 12. Qd2 Re8 13. Bh6 Bh8 14. f4 Nh5 15. g4 Ng7 16. f5 f6 17. Nf4 g5 18. Bxg7 Bxg7 19. Nh5 Nc6 20. h4 h6 21. hxg5 hxg5 22. Rf3 Nd4 23. Rh3 Nb3 24. Qe1 Nxa1 25. Qxa1 Kf7 26. Kf2 Rh8 27. Qh1 Qb6 28. Nd5 Qxb2+ 29. Ke3 e6 30. Nc7 Qe5 31. fxe6+ Bxe6 32. Nxe6 Qxe6 33. Bf3 Qe5 34. Qb1 b5 35. axb5 axb5 36. cxb5 Qd4+ 37. Ke2 c4 38. Qa2 Qxd3+ 39. Ke1 Qd4 40. Qa6 Qb6 41. Qa3 Qxb5 42. Qxd6 Rhd8 43. Qh2 Qb1+ 44. Kf2 Rd2+ 0-1